The international economy / (Record no. 3048)
[ view plain ]
| 000 -LEADER | |
|---|---|
| fixed length control field | 00710cam a2200193 a 4500 |
| 020 ## - INTERNATIONAL STANDARD BOOK NUMBER | |
| ISBN | 0521430267 (hard) |
| 020 ## - INTERNATIONAL STANDARD BOOK NUMBER | |
| ISBN | 0521436184 (pbk.) |
| 020 ## - INTERNATIONAL STANDARD BOOK NUMBER | |
| ISBN | 9780521436182 |
| 050 00 - CALL NUMBER | |
| Classification number | HF1359 |
| Item number | .K46 |
| 100 1# - AUTHOR | |
| Personal name | Kenen, Peter B., |
| 245 14 - TITLE | |
| Title | The international economy / |
| Statement of responsibility, etc | Peter B. Kenen. |
| 250 ## - EDITION | |
| Edition statement | 3rd ed. |
| 260 ## - PUBLICATION INFORMATION | |
| Place of publication | Cambridge [England] ; |
| -- | New York, NY, USA : |
| Name of publisher | Cambridge University Press, |
| Year of publication | 1994. |
| 300 ## - DESCRIPTION | |
| Number of Pages | ix, 621 p. : |
| Other physical details | ill. (some col.) ; |
| Dimensions | 26 cm. |
| 505 ## - FORMATTED CONTENTS NOTE | |
| Table of Content | Introduction--<br/>International trade theory and policy. --<br/>International monetary theory and policy.-- |
| 650 #0 - SUBJECTS | |
| Topical Term | International economic relations. |
| 650 #0 - SUBJECTS | |
| Topical Term | International economic relations |
| General subdivision | Mathematical models. |
| 942 ## - ADDED ENTRY ELEMENTS (KOHA) | |
| Koha item type | Books |
| Withdrawn status | Lost status | Collection code | Home library | Current library | Shelving location | Date acquired | Full call number | Accession Number | Copy number | Koha item type |
|---|---|---|---|---|---|---|---|---|---|---|
| Reference | Methodist University Library Main | Methodist University Library Main | General Stacks | HF1359 .K46 | 17526 | 1 | Books |